[Event "30. Abierto Ciudad de Sevilla"]
[Site "Sevilla ESP"]
[Date "2005.01.09"]
[Round "3.11"]
[White "Rodriguez Aguilera, Antonio"]
[Black "Pogorelov, Ruslan"]
[Result "1/2-1/2"]
[WhiteElo "2244"]
[BlackElo "2472"]
[PlyCount "48"]
[EventDate "2005.01.07"]
[EventType "swiss"]
[EventRounds "9"]
[EventCountry "ESP"]
[Source "lmi"]
[SourceDate "2005.01.13"]

1. Nf3 Nf6 2. g3 b5 3. a4 b4 4. Bg2 Bb7 5. O-O e6 6. d3 d5 7. Nbd2 Be7 8. e4 c5
9. Re1 Nc6 10. exd5 exd5 11. Nb3 O-O 12. Bg5 Qb6 13. a5 Qb5 14. Nh4 Bc8 15. Qf3
Be6 16. Nf5 Bxf5 17. Qxf5 Rad8 18. Re3 h6 19. Bf4 g6 20. Qh3 c4 21. dxc4 dxc4
22. Bxc6 Qxc6 23. Rxe7 cxb3 24. cxb3 Rd5 1/2-1/2

[Event "30. Abierto Ciudad de Sevilla"]
[Site "Sevilla ESP"]
[Date "2005.01.09"]
[Round "3.12"]
[White "Melero Fidalgo, Juan de Dios"]
[Black "Fernandez Romero, Ernesto"]
[Result "1/2-1/2"]
[WhiteElo "2202"]
[BlackElo "2469"]
[PlyCount "65"]
[EventDate "2005.01.07"]
[EventType "swiss"]
[EventRounds "9"]
[EventCountry "ESP"]
[Source "lmi"]
[SourceDate "2005.01.13"]

1. e4 e6 2. d4 d5 3. Nc3 Bb4 4. e5 c5 5. Bd2 Nh6 6. Nb5 Bxd2+ 7. Qxd2 O-O 8.
dxc5 Nc6 9. Nf3 b6 10. Nbd4 Nxd4 11. Qxd4 Nf5 12. Qb4 Qe7 13. Bd3 bxc5 14. Qa3
a5 15. O-O-O Nh6 16. h3 Ba6 17. Bxa6 Rxa6 18. c4 Qb7 19. cxd5 exd5 20. Qb3 Qxb3
21. axb3 d4 22. Kc2 a4 23. bxa4 Rxa4 24. Ra1 Rc4+ 25. Kd3 Rb4 26. Ra2 g6 27.
Rc1 Rb3+ 28. Ke4 Rb5 29. g4 Rd8 30. Rc2 f5+ 31. exf6 Nf7 32. Kd3 c4+ 33. Kxc4
1/2-1/2

[Event "30. Abierto Ciudad de Sevilla"]
[Site "Sevilla ESP"]
[Date "2005.01.09"]
[Round "3.13"]
[White "Rizouk, Aimen"]
[Black "Perez Garcia, Roberto"]
[Result "1-0"]
[WhiteElo "2457"]
[BlackElo "2164"]
[PlyCount "69"]
[EventDate "2005.01.07"]
[EventType "swiss"]
[EventRounds "9"]
[EventCountry "ESP"]
[Source "lmi"]
[SourceDate "2005.01.13"]

1. e4 c5 2. Nf3 Nc6 3. d4 cxd4 4. Nxd4 e5 5. Nb5 d6 6. N1c3 a6 7. Na3 b5 8. Nd5
Nce7 9. c4 Nxd5 10. exd5 bxc4 11. Nxc4 Be7 12. Be3 Rb8 13. a4 f5 14. a5 f4 15.
Ba7 Ra8 16. Bb6 Qd7 17. Bd3 Nf6 18. Rc1 O-O 19. O-O Bb7 20. Nxe5 dxe5 21. Rc7
Qe8 22. Rxb7 Bd6 23. Re1 e4 24. Bxe4 Nxe4 25. Bd4 Rf7 26. Rxf7 Qxf7 27. Rxe4
Qxd5 28. Qg4 Bf8 29. Rxf4 Qxa5 30. g3 Qe1+ 31. Kg2 Qe7 32. h4 Re8 33. h5 h6 34.
Kh2 a5 35. Bc3 1-0

[Event "30. Abierto Ciudad de Sevilla"]
[Site "Sevilla ESP"]
[Date "2005.01.09"]
[Round "3.16"]
[White "Tissir, Mohamed"]
[Black "Justiniano Marquez, Marco Antonio"]
[Result "1-0"]
[WhiteElo "2426"]
[BlackElo "2162"]
[PlyCount "103"]
[EventDate "2005.01.07"]
[EventType "swiss"]
[EventRounds "9"]
[EventCountry "ESP"]
[Source "lmi"]
[SourceDate "2005.01.13"]

1. e4 d5 2. exd5 Qxd5 3. Nc3 Qa5 4. Bc4 c6 5. d3 Bf5 6. Bd2 e6 7. Qe2 Nf6 8.
Nf3 Bg4 9. O-O-O Qf5 10. Kb1 Nbd7 11. Ne4 b5 12. Bb3 Nc5 13. Ng3 Bxf3 14. gxf3
Qh3 15. d4 Nxb3 16. cxb3 Bd6 17. Rc1 Bxg3 18. hxg3 Qf5+ 19. Ka1 Nd5 20. Rxc6
O-O 21. Qe4 Qg6 22. a3 Rfd8 23. Ba5 Rdc8 24. Rc5 a6 25. Rhc1 Re8 26. Rc6 Qg5
27. Rh1 Qg6 28. Ka2 Rec8 29. Rc5 Re8 30. Qe2 Qf6 31. Qd1 Qf5 32. Qe2 Qf6 33.
Qe4 Qg6 34. Qe5 Qf6 35. f4 Qxe5 36. dxe5 g6 37. Rhc1 Ra7 38. Rc6 Kf8 39. Rd6 h5
40. Rcc6 Rea8 41. Bb6 Nxb6 42. Rxb6 Ke7 43. b4 Ke8 44. Kb3 Ke7 45. a4 bxa4+ 46.
Kxa4 a5 47. b5 Rc8 48. Rbc6 Rb8 49. b6 Ra6 50. Rc7+ Ke8 51. Kb5 Raa8 52. Rdd7
1-0

[Event "30. Abierto Ciudad de Sevilla"]
[Site "Sevilla ESP"]
[Date "2005.01.09"]
[Round "3.17"]
[White "Teran Alvarez, Ismael"]
[Black "Lopez Gonzalez, Daniel"]
[Result "1-0"]
[WhiteElo "2422"]
[BlackElo "2128"]
[PlyCount "155"]
[EventDate "2005.01.07"]
[EventType "swiss"]
[EventRounds "9"]
[EventCountry "ESP"]
[Source "lmi"]
[SourceDate "2005.01.13"]

1. c4 c5 2. g3 g6 3. Bg2 Bg7 4. e3 Nc6 5. Ne2 e6 6. Nbc3 Nge7 7. O-O O-O 8. d4
cxd4 9. Nxd4 Nxd4 10. exd4 d5 11. cxd5 Nxd5 12. Nxd5 exd5 13. Qb3 Be6 14. Qxb7
Bxd4 15. Bf4 Qb6 16. Bxd5 Bxd5 17. Qxd5 Rfd8 18. Qf3 Qxb2 19. Rad1 Rac8 20. Rd2
Qc3 21. Kg2 Qxf3+ 22. Kxf3 Rc3+ 23. Be3 Bb6 24. Rxd8+ Bxd8 25. Rc1 Rxc1 26.
Bxc1 f5 27. Ke2 Kf7 28. Kd3 Ke6 29. Kc4 Bb6 30. f3 Bg1 31. h3 Bf2 32. Bf4 a6
33. a4 Bb6 34. Bb8 g5 35. g4 Bf2 36. Bc7 Be3 37. Bg3 Bb6 38. Be1 Be3 39. Bc3
Bb6 40. Bd2 f4 41. Bc3 Be3 42. Ba5 Bf2 43. Bd8 Bh4 44. Kc5 Kd7 45. Ba5 Bf2+ 46.
Kd5 h6 47. Bc3 Kc7 48. Bg7 Kb6 49. Bxh6 Bh4 50. Kc4 Ka5 51. Kb3 Kb6 52. Bf8 Be1
53. Be7 Bh4 54. Kb4 Be1+ 55. Kc4 Bh4 56. Bd8+ Kc6 57. Kd4 Kd6 58. Ke4 Ke6 59.
Bb6 Be1 60. Bg1 Bh4 61. Bc5 Be1 62. Bf8 Kf7 63. Bd6 Ke6 64. Be5 Bf2 65. Bd4 Bh4
66. Kd3 Kd5 67. Bf6 Ke6 68. Bd8 Kd5 69. Bb6 Be1 70. Ke2 Bh4 71. Bf2 Bxf2 72.
Kxf2 a5 73. h4 gxh4 74. Kg2 Kd4 75. g5 Ke3 76. g6 h3+ 77. Kxh3 Kxf3 78. g7 1-0

[Event "30. Abierto Ciudad de Sevilla"]
[Site "Sevilla ESP"]
[Date "2005.01.09"]
[Round "3.19"]
[White "Diaz Rodriguez, Jose Antonio"]
[Black "Mellado Triviño, Joan"]
[Result "0-1"]
[WhiteElo "2117"]
[BlackElo "2405"]
[PlyCount "67"]
[EventDate "2005.01.07"]
[EventType "swiss"]
[EventRounds "9"]
[EventCountry "ESP"]
[Source "lmi"]
[SourceDate "2005.01.13"]

1. e4 e5 2. Nf3 Nc6 3. Bc4 Nf6 4. d3 Bc5 5. O-O d6 6. h3 a6 7. c3 Ba7 8. Re1
Na5 9. Qa4+ c6 10. Bxf7+ Kxf7 11. b4 Bb6 12. Ba3 c5 13. bxa5 Bxa5 14. Nbd2 Re8
15. d4 b5 16. Qb3+ c4 17. Nxc4 bxc4 18. Qxc4+ d5 19. Qb3 exd4 20. exd5 Qb6 21.
Rxe8 Nxe8 22. Qc2 Nf6 23. Nxd4 Bd7 24. Nb3 Rc8 25. c4 Bb4 26. Bb2 Bb5 27. Qf5
Rxc4 28. Rd1 Bd7 29. Qf3 Qd6 30. Qd3 Rc8 31. Bxf6 Qxf6 32. Qxh7 Re8 33. Qh5+
Kg8 34. d6 0-1

[Event "30. Abierto Ciudad de Sevilla"]
[Site "Sevilla ESP"]
[Date "2005.01.09"]
[Round "3.20"]
[White "Belezky, Sasha"]
[Black "Herrera Mellado, Antonio"]
[Result "1-0"]
[WhiteElo "2399"]
[BlackElo "2122"]
[PlyCount "103"]
[EventDate "2005.01.07"]
[EventType "swiss"]
[EventRounds "9"]
[EventCountry "ESP"]
[Source "lmi"]
[SourceDate "2005.01.13"]

1. Nf3 Nf6 2. g3 g6 3. Bg2 Bg7 4. O-O d6 5. d3 O-O 6. c3 c6 7. Qa4 Nbd7 8. Qh4
Re8 9. Bh6 Nf8 10. h3 e5 11. Bg5 Ne6 12. Bh6 Nd7 13. Qxd8 Rxd8 14. Bxg7 Kxg7
15. Nbd2 Nf6 16. b4 a6 17. a4 Nc7 18. c4 Nd7 19. Rfc1 c5 20. bxc5 Nxc5 21. a5
N7e6 22. Rcb1 Kf8 23. Kf1 Ke7 24. Ne1 f5 25. Nc2 Rb8 26. Nb4 Bd7 27. Nd5+ Kf7
28. Nb3 Bc6 29. Nxc5 dxc5 30. Rb6 Rd7 31. Rab1 Rc8 32. Nc3 Bxg2+ 33. Kxg2 Nd8
34. Nd5 Rc6 35. R6b2 Re6 36. g4 h6 37. f3 Kf8 38. h4 Kf7 39. h5 fxg4 40. fxg4
Kg7 41. Kf3 Re8 42. Rb6 Rf7+ 43. Ke4 gxh5 44. gxh5 Nc6 45. Rxb7 Nxa5 46. Rxf7+
Kxf7 47. Ra1 Nb3 48. Rxa6 Re6 49. Ra7+ Kf8 50. Rb7 Nd4 51. e3 Ne2 52. Kf5 1-0

[Event "30. Abierto Ciudad de Sevilla"]
[Site "Sevilla ESP"]
[Date "2005.01.10"]
[Round "4.1"]
[White "Bellon Lopez, Juan Manuel"]
[Black "Epishin, Vladimir"]
[Result "1/2-1/2"]
[WhiteElo "2428"]
[BlackElo "2614"]
[PlyCount "46"]
[EventDate "2005.01.07"]
[EventType "swiss"]
[EventRounds "9"]
[EventCountry "ESP"]
[Source "lmi"]
[SourceDate "2005.01.13"]

1. d4 d5 2. c4 e6 3. Nf3 Nf6 4. Nc3 Be7 5. Bg5 O-O 6. e3 Nbd7 7. cxd5 exd5 8.
Qc2 c6 9. Bd3 Re8 10. h4 Nf8 11. O-O-O Ng4 12. Nh2 Nxh2 13. Rxh2 Bxg5 14. hxg5
g6 15. f4 Rxe3 16. Qf2 Re7 17. Rdh1 Qd6 18. Rh6 f5 19. Ne2 Bd7 20. g4 Rae8 21.
a3 fxg4 22. Ng3 Rf7 23. Nh5 Bf5 1/2-1/2

[Event "30. Abierto Ciudad de Sevilla"]
[Site "Sevilla ESP"]
[Date "2005.01.10"]
[Round "4.3"]
[White "Teran Alvarez, Ismael"]
[Black "Peralta, Fernando"]
[Result "0-1"]
[WhiteElo "2422"]
[BlackElo "2538"]
[PlyCount "74"]
[EventDate "2005.01.07"]
[EventType "swiss"]
[EventRounds "9"]
[EventCountry "ESP"]
[Source "lmi"]
[SourceDate "2005.01.13"]

1. e4 c6 2. d4 d5 3. Nd2 dxe4 4. Nxe4 Bf5 5. Ng3 Bg6 6. h4 h6 7. Nf3 Nd7 8. h5
Bh7 9. Bd3 Bxd3 10. Qxd3 e6 11. Bf4 Ngf6 12. O-O-O Qa5 13. Kb1 Be7 14. Ne5 O-O
15. c4 Rad8 16. Qe2 Rfe8 17. Rd3 Qa6 18. Rc1 Bf8 19. Nf1 c5 20. Rcd1 Nxe5 21.
Bxe5 Nh7 22. Ne3 f6 23. Bh2 cxd4 24. Rxd4 Rxd4 25. Rxd4 Bc5 26. Rd3 Qc6 27. f3
Rc8 28. Nc2 Nf8 29. Nd4 Bxd4 30. Rxd4 Qc5 31. Rh4 b5 32. b3 Qg5 33. Re4 Qxh5
34. Bd6 bxc4 35. bxc4 Nd7 36. Rxe6 Ne5 37. Re7 Qh1+ 0-1

[Event "30. Abierto Ciudad de Sevilla"]
[Site "Sevilla ESP"]
[Date "2005.01.10"]
[Round "4.4"]
[White "Campora, Daniel H"]
[Black "Belezky, Sasha"]
[Result "1-0"]
[WhiteElo "2529"]
[BlackElo "2399"]
[PlyCount "79"]
[EventDate "2005.01.07"]
[EventType "swiss"]
[EventRounds "9"]
[EventCountry "ESP"]
[Source "lmi"]
[SourceDate "2005.01.13"]

1. e4 e6 2. d4 d5 3. Nc3 dxe4 4. Nxe4 Nd7 5. Nf3 Ngf6 6. Nxf6+ Nxf6 7. c3 c5 8.
Be3 Qc7 9. Ne5 a6 10. Qa4+ Nd7 11. O-O-O Rb8 12. dxc5 Qxe5 13. Bf4 Qxc5 14.
Bxb8 e5 15. Bxa6 bxa6 16. Bxe5 Qb5 17. Qxb5 axb5 18. Rhe1 Kd8 19. g3 f6 20. Bd4
Kc7 21. Re8 g6 22. Be3 g5 23. Rd5 Bb7 24. Rxb5 Bc6 25. Ra5 Bg7 26. Re6 Rd8 27.
Ra6 Bb7 28. Rad6 Bf8 29. Bb6+ Nxb6 30. Rxd8 Kxd8 31. Rxb6 Bd5 32. a4 f5 33. b4
f4 34. Rb8+ Ke7 35. a5 Bg7 36. Kb2 Be5 37. Rb5 Kd6 38. a6 Bc6 39. Ra5 h5 40. b5
1-0

[Event "30. Abierto Ciudad de Sevilla"]
[Site "Sevilla ESP"]
[Date "2005.01.10"]
[Round "4.5"]
[White "Escobar Forero, Alder"]
[Black "Mirzoev, Azer"]
[Result "0-1"]
[WhiteElo "2407"]
[BlackElo "2529"]
[PlyCount "94"]
[EventDate "2005.01.07"]
[EventType "swiss"]
[EventRounds "9"]
[EventCountry "ESP"]
[Source "lmi"]
[SourceDate "2005.01.13"]

1. e4 Nf6 2. e5 Nd5 3. d4 d6 4. Nf3 dxe5 5. Nxe5 c6 6. Bd3 Nd7 7. Nf3 N7f6 8.
O-O Bg4 9. Nbd2 e6 10. Re1 Qc7 11. c4 Nb6 12. h3 Bh5 13. Nb3 Be7 14. a4 O-O 15.
Bg5 Rfe8 16. Qe2 Nbd7 17. Qe3 c5 18. Bf1 a6 19. Bf4 cxd4 20. Qxd4 Qc6 21. Ne5
Nxe5 22. Bxe5 Red8 23. Qe3 Bg6 24. Na5 Qc8 25. Nb3 Ne4 26. Qf3 Ng5 27. Qe3 h6
28. Bd4 Rd7 29. Bb6 Bf6 30. Bd4 Bxd4 31. Nxd4 Qc5 32. Nb3 Qb4 33. Rec1 Ne4 34.
c5 Nd2 35. Nxd2 Rxd2 36. b3 Rb2 37. Rc3 Rd8 38. c6 bxc6 39. Bxa6 Rdd2 40. Rf1
Rdc2 41. Rc4 Qxb3 42. Qxb3 Rxb3 43. Rxc2 Bxc2 44. Rc1 Rb6 45. Be2 Bxa4 46. Bd3
Bb5 47. Be4 g6 0-1

[Event "30. Abierto Ciudad de Sevilla"]
[Site "Sevilla ESP"]
[Date "2005.01.10"]
[Round "4.6"]
[White "Mellado Triviño, Joan"]
[Black "Matamoros Franco, Carlos S"]
[Result "1/2-1/2"]
[WhiteElo "2405"]
[BlackElo "2522"]
[PlyCount "118"]
[EventDate "2005.01.07"]
[EventType "swiss"]
[EventRounds "9"]
[EventCountry "ESP"]
[Source "lmi"]
[SourceDate "2005.01.13"]

1. e4 e6 2. d4 d5 3. Nd2 c5 4. Ngf3 Nf6 5. e5 Nfd7 6. c3 Nc6 7. Bd3 Be7 8. O-O
a5 9. Re1 cxd4 10. cxd4 Qb6 11. a3 g5 12. h3 h5 13. Nf1 g4 14. hxg4 hxg4 15.
N3h2 Qxd4 16. Nxg4 Nc5 17. Bc2 Qxd1 18. Rxd1 b6 19. Rb1 Ba6 20. Nf6+ Bxf6 21.
exf6 Be2 22. Rd2 Bxf1 23. Kxf1 Rh1+ 24. Ke2 d4 25. b4 axb4 26. axb4 d3+ 27.
Bxd3 Nd4+ 28. Ke3 Ncb3 29. Bb2 Rxb1 30. Bxb1 Nxd2 31. Kxd2 Rd8 32. Ke3 Nb5 33.
g4 Nc7 34. g5 Rd1 35. Be4 Nd5+ 36. Bxd5 Rxd5 37. f4 Kf8 38. Bd4 Rb5 39. Be5 Kg8
40. Bd6 Kh7 41. Ke4 Kg6 42. Bf8 Rd5 43. Be7 Rd1 44. Ke5 Re1+ 45. Kd6 Re4 46. b5
Rxf4 47. Kc6 e5 48. Bd8 e4 49. Bxb6 Rf5 50. Bc5 Rxg5 51. b6 Kxf6 52. b7 Rg8 53.
Ba7 Kf5 54. b8=Q Rxb8 55. Bxb8 Kg4 56. Ba7 Kf3 57. Kd5 e3 58. Bxe3 Kxe3 59. Ke5
f6+ 1/2-1/2

[Event "30. Abierto Ciudad de Sevilla"]
[Site "Sevilla ESP"]
[Date "2005.01.10"]
[Round "4.7"]
[White "Khamrakulov, Ibragim S"]
[Black "Garcia Luque, Agustin"]
[Result "1-0"]
[WhiteElo "2501"]
[BlackElo "2390"]
[PlyCount "73"]
[EventDate "2005.01.07"]
[EventType "swiss"]
[EventRounds "9"]
[EventCountry "ESP"]
[Source "lmi"]
[SourceDate "2005.01.13"]

1. e4 c6 2. c4 g6 3. Nc3 Bg7 4. g3 h5 5. h4 Na6 6. d4 d6 7. Be3 Nf6 8. f3 O-O
9. Qd2 e5 10. O-O-O Qa5 11. Kb1 Re8 12. Nh3 Nc7 13. Nf2 Ne6 14. Ne2 Qxd2 15.
Rxd2 c5 16. dxe5 dxe5 17. Nd3 b6 18. Nc3 Nd4 19. Bg2 Kh7 20. Rf1 Bb7 21. Bg5
Ng8 22. Nd5 f6 23. Be3 Rad8 24. f4 Bh6 25. Bxd4 exd4 26. Rc2 Bg7 27. f5 gxf5
28. Rxf5 Nh6 29. Rxh5 Bc8 30. Bf3 f5 31. e5 Bxe5 32. g4 Kg7 33. Rg2 Nf7 34.
gxf5+ Kf8 35. f6 Rxd5 36. Bxd5 Bxf6 37. Nf4 1-0

[Event "30. Abierto Ciudad de Sevilla"]
[Site "Sevilla ESP"]
[Date "2005.01.10"]
[Round "4.8"]
[White "Estremera Panos, Sergio"]
[Black "Rizouk, Aimen"]
[Result "1/2-1/2"]
[WhiteElo "2384"]
[BlackElo "2457"]
[PlyCount "54"]
[EventDate "2005.01.07"]
[EventType "swiss"]
[EventRounds "9"]
[EventCountry "ESP"]
[Source "lmi"]
[SourceDate "2005.01.13"]

1. d4 Nf6 2. c4 e6 3. Nc3 Bb4 4. e3 O-O 5. Bd3 d5 6. Nf3 c5 7. O-O dxc4 8. Bxc4
Qe7 9. a3 Ba5 10. Qe2 Bd7 11. Bd2 cxd4 12. exd4 Nc6 13. Bg5 h6 14. Bh4 g5 15.
Nxg5 hxg5 16. Bxg5 Bxc3 17. bxc3 Kg7 18. f4 Qd6 19. Rf3 Nxd4 20. Bxf6+ Kxf6 21.
Qe5+ Qxe5 22. fxe5+ Kxe5 23. cxd4+ Kd6 24. d5 Rac8 25. dxe6 fxe6 26. Rd1+ Ke7
27. Rxf8 Rxf8 1/2-1/2

[Event "30. Abierto Ciudad de Sevilla"]
[Site "Sevilla ESP"]
[Date "2005.01.10"]
[Round "4.12"]
[White "Jimenez de la Torre, Jose Antonio"]
[Black "Paunovic, Dragan"]
[Result "0-1"]
[WhiteElo "2182"]
[BlackElo "2518"]
[PlyCount "116"]
[EventDate "2005.01.07"]
[EventType "swiss"]
[EventRounds "9"]
[EventCountry "ESP"]
[Source "lmi"]
[SourceDate "2005.01.13"]

1. e4 c5 2. Nf3 a6 3. d4 cxd4 4. Nxd4 Nf6 5. Nc3 e5 6. Nf3 Bb4 7. Bd2 O-O 8.
Bd3 d6 9. h3 Be6 10. O-O h6 11. Nd5 Bxd2 12. Nxf6+ Qxf6 13. Nxd2 Nc6 14. c3
Rad8 15. Qe2 Ne7 16. Qf3 Qg5 17. Rfd1 Ng6 18. Nf1 Nf4 19. Qg3 d5 20. h4 Qf6 21.
Re1 Nxd3 22. Qxd3 Qxh4 23. exd5 Bxd5 24. Qe3 f6 25. b3 Qg4 26. f3 Qg6 27. Rad1
Bc6 28. c4 Qc2 29. Rxd8 Rxd8 30. Re2 Qd1 31. Rd2 Rxd2 32. Qxd2 Qxd2 33. Nxd2
Kf7 34. Kf2 Ke6 35. Ke3 f5 36. b4 g5 37. Nb3 f4+ 38. Kf2 e4 39. a4 e3+ 40. Ke2
Kd6 41. b5 axb5 42. axb5 Bd7 43. c5+ Kd5 44. c6 bxc6 45. b6 Bc8 46. Na5 Ba6+
47. Ke1 Kd6 48. b7 Kc7 49. Nxc6 Bxb7 50. Nd4 Bc8 51. Ne2 Kd6 52. g3 Ke5 53. g4
Bb7 54. Ng1 Ba6 55. Nh3 Kf6 56. Ng1 Kg6 57. Nh3 h5 58. gxh5+ Kxh5 0-1

[Event "30. Abierto Ciudad de Sevilla"]
[Site "Sevilla ESP"]
[Date "2005.01.10"]
[Round "4.14"]
[White "Pogorelov, Ruslan"]
[Black "Herrera Mellado, Luis A"]
[Result "1-0"]
[WhiteElo "2472"]
[BlackElo "2140"]
[PlyCount "89"]
[EventDate "2005.01.07"]
[EventType "swiss"]
[EventRounds "9"]
[EventCountry "ESP"]
[Source "lmi"]
[SourceDate "2005.01.13"]

1. Nf3 f5 2. b3 Nf6 3. Bb2 e6 4. g3 Be7 5. Bg2 O-O 6. O-O d6 7. d4 c6 8. Ne1
Bd7 9. Nd2 Qc7 10. Nd3 a5 11. a3 Na6 12. e4 d5 13. exf5 exf5 14. Nf3 Qd8 15.
Nfe5 Nc7 16. a4 Re8 17. Re1 Bf8 18. Re2 g6 19. Qe1 Ne6 20. Nxd7 Qxd7 21. Ne5
Qc8 22. Rc1 Bh6 23. Rd1 Bg7 24. c4 Ne4 25. f3 Nf6 26. Bc3 b6 27. Rc1 c5 28.
cxd5 Nxd5 29. Bb2 Ra7 30. f4 Nb4 31. d5 Bxe5 32. Rxe5 Ng7 33. Rd1 Rd8 34. d6
Rdd7 35. Bf1 h6 36. Bb5 Nc6 37. Re2 Kh7 38. Bxc6 Qxc6 39. Re7 Rxe7 40. dxe7 Qe8
41. Bf6 Nh5 42. Bh4 g5 43. fxg5 hxg5 44. Bxg5 Kg6 45. Rd8 1-0

[Event "30. Abierto Ciudad de Sevilla"]
[Site "Sevilla ESP"]
[Date "2005.01.10"]
[Round "4.17"]
[White "Barrenechea Bahamonde, Gustavo"]
[Black "Kononenko, Tatiana"]
[Result "0-1"]
[WhiteElo "2134"]
[BlackElo "2374"]
[PlyCount "80"]
[EventDate "2005.01.07"]
[EventType "swiss"]
[EventRounds "9"]
[EventCountry "ESP"]
[Source "lmi"]
[SourceDate "2005.01.13"]

1. e4 e6 2. d4 d5 3. exd5 exd5 4. Nf3 Bd6 5. c4 Nf6 6. Nc3 O-O 7. cxd5 Nbd7 8.
Bg5 Nb6 9. Be2 Be7 10. O-O Nbxd5 11. Ne5 Be6 12. Bf3 c6 13. Re1 Re8 14. Rc1 h6
15. Bh4 Qa5 16. a3 Rad8 17. Na4 Qc7 18. Bg3 Bd6 19. Nc5 Bf5 20. Qb3 Re7 21.
Red1 Rde8 22. Qc4 Nb6 23. Qa2 Nbd5 24. b4 Bxc5 25. bxc5 Qa5 26. h3 Be4 27. Nc4
Qd8 28. Nd6 Bxf3 29. gxf3 Re2 30. Qc4 Nh5 31. Be5 Qg5+ 32. Kf1 R8xe5 33. dxe5
Nhf4 34. Qxe2 Nxe2 35. Kxe2 Nf4+ 36. Kd2 Qxe5 37. Ne4 f5 38. Ng3 Qd4+ 39. Ke1
Nd3+ 40. Ke2 Nxc1+ 0-1

[Event "30. Abierto Ciudad de Sevilla"]
[Site "Sevilla ESP"]
[Date "2005.01.10"]
[Round "4.18"]
[White "Gonzalez Marquez, Antonio Jesus"]
[Black "Razmyslov, Alexander"]
[Result "0-1"]
[WhiteElo "2024"]
[BlackElo "2307"]
[PlyCount "70"]
[EventDate "2005.01.07"]
[EventType "swiss"]
[EventRounds "9"]
[EventCountry "ESP"]
[Source "lmi"]
[SourceDate "2005.01.13"]

1. e4 c5 2. Nf3 Nc6 3. d4 cxd4 4. Nxd4 Qc7 5. Nc3 e6 6. Nb3 Nf6 7. Bd3 a6 8. a3
Ne5 9. f3 b5 10. Be3 Bb7 11. O-O d5 12. exd5 Nxd5 13. Nxd5 Bxd5 14. Nd4 Bc5 15.
Kh1 Rd8 16. Be2 Nc4 17. Bxc4 Bxc4 18. Re1 O-O 19. b3 Bd5 20. Qe2 Bb7 21. c3 Bd6
22. g3 g6 23. Qf2 e5 24. Ne2 Qc6 25. Kg2 Be7 26. b4 Rd3 27. Red1 Rfd8 28. Rxd3
Rxd3 29. Ra2 Bg5 30. Bxg5 Rxf3 31. Qc5 Rxg3+ 32. Kf2 Qg2+ 33. Ke1 Rxg5 34. Rd2
Qh1+ 35. Kf2 Rf5+ 0-1

[Event "30. Abierto Ciudad de Sevilla"]
[Site "Sevilla ESP"]
[Date "2005.01.10"]
[Round "4.20"]
[White "Robles Garcia, Claudia"]
[Black "Bellia, Fabrizio"]
[Result "1/2-1/2"]
[WhiteElo "2053"]
[BlackElo "2407"]
[PlyCount "71"]
[EventDate "2005.01.07"]
[EventType "swiss"]
[EventRounds "9"]
[EventCountry "ESP"]
[Source "lmi"]
[SourceDate "2005.01.13"]

1. e4 e5 2. Nc3 Nf6 3. f4 d5 4. exd5 exf4 5. Nf3 Nxd5 6. Nxd5 Qxd5 7. d4 Bd6 8.
c4 Qe6+ 9. Kf2 c5 10. Bd3 O-O 11. Bxh7+ Kh8 12. Bd3 Qh6 13. Re1 cxd4 14. Be4
Bc5 15. Qd3 Nd7 16. Bd2 a5 17. g3 Bd6 18. gxf4 Bxf4 19. Qxd4 Bxd2 20. Qxd2
Qxd2+ 21. Nxd2 Nc5 22. Bc2 g6 23. Ne4 Nxe4+ 24. Bxe4 Ra6 25. Bd5 Kg7 26. Re7
Rf6+ 27. Kg2 b6 28. Rae1 Rh8 29. Rc7 Bh3+ 30. Kg3 Bf5 31. Ree7 Rh3+ 32. Kg2 Rd3
33. Rxf7+ Rxf7 34. Rxf7+ Kh6 35. b3 b5 36. Ra7 1/2-1/2

[Event "30. Abierto Ciudad de Sevilla"]
[Site "Sevilla ESP"]
[Date "2005.01.11"]
[Round "5.3"]
[White "Epishin, Vladimir"]
[Black "Rodriguez Guerrero, Enrique"]
[Result "1/2-1/2"]
[WhiteElo "2614"]
[BlackElo "2430"]
[PlyCount "68"]
[EventDate "2005.01.07"]
[EventType "swiss"]
[EventRounds "9"]
[EventCountry "ESP"]
[Source "lmi"]
[SourceDate "2005.01.13"]

1. d4 d5 2. c4 c6 3. Nf3 Nf6 4. e3 e6 5. Bd3 Nbd7 6. O-O Bd6 7. Nbd2 O-O 8. Qc2
e5 9. dxe5 Nxe5 10. Nxe5 Bxe5 11. Nf3 Bc7 12. h3 dxc4 13. Bxc4 Qe7 14. Bd3 Re8
15. b3 Ne4 16. Bb2 Bf5 17. Rad1 Bg6 18. Ba1 Rad8 19. Qb2 Nf6 20. Bxg6 hxg6 21.
Rd4 c5 22. Rxd8 Rxd8 23. Rc1 Rd5 24. Qc2 Ne4 25. Rd1 Qd6 26. Rxd5 Qxd5 27. Ne1
b5 28. f3 Ng5 29. Qd3 Qc6 30. Bc3 Ne6 31. Nc2 a5 32. Kf1 Kf8 33. Be1 b4 34. e4
a4 1/2-1/2

[Event "30. Abierto Ciudad de Sevilla"]
[Site "Sevilla ESP"]
[Date "2005.01.11"]
[Round "5.5"]
[White "Spraggett, Kevin"]
[Black "Barrientos, Sergio"]
[Result "1/2-1/2"]
[WhiteElo "2589"]
[BlackElo "2432"]
[PlyCount "74"]
[EventDate "2005.01.07"]
[EventType "swiss"]
[EventRounds "9"]
[EventCountry "ESP"]
[Source "lmi"]
[SourceDate "2005.01.13"]

1. e4 c5 2. Nf3 Nc6 3. d4 cxd4 4. Nxd4 Nf6 5. Nc3 e5 6. Ndb5 d6 7. Bg5 a6 8.
Na3 b5 9. Bxf6 gxf6 10. Nd5 f5 11. Bd3 Be6 12. O-O Bxd5 13. exd5 Ne7 14. Re1
Bg7 15. c3 O-O 16. Qh5 e4 17. Bf1 Re8 18. Rad1 Qc8 19. Nc2 Ng6 20. Nd4 Bxd4 21.
Rxd4 Re5 22. Qh6 Qf8 23. Qxf8+ Kxf8 24. Red1 Rc8 25. a4 Rc5 26. axb5 axb5 27.
c4 bxc4 28. Bxc4 Rc8 29. b4 f4 30. b5 Ne7 31. Bf1 e3 32. fxe3 fxe3 33. Bc4 e2
34. Re1 Nf5 35. Rf4 Ne3 36. Bd3 Rc3 37. Rd4 Nxd5 1/2-1/2

[Event "30. Abierto Ciudad de Sevilla"]
[Site "Sevilla ESP"]
[Date "2005.01.11"]
[Round "5.7"]
[White "Matamoros Franco, Carlos S"]
[Black "Bellon Lopez, Juan Manuel"]
[Result "0-1"]
[WhiteElo "2522"]
[BlackElo "2428"]
[PlyCount "38"]
[EventDate "2005.01.07"]
[EventType "swiss"]
[EventRounds "9"]
[EventCountry "ESP"]
[Source "lmi"]
[SourceDate "2005.01.13"]

1. c4 e5 2. g3 Nc6 3. Bg2 Nf6 4. Nc3 Bc5 5. a3 Bd4 6. Nd5 d6 7. Nf3 Bb6 8. Nxb6
axb6 9. d3 O-O 10. O-O d5 11. cxd5 Nxd5 12. h3 f6 13. e4 Nde7 14. Be3 Be6 15.
d4 exd4 16. Nxd4 Nxd4 17. Bxd4 Qc8 18. e5 Rd8 19. exf6 Nf5 0-1

[Event "30. Abierto Ciudad de Sevilla"]
[Site "Sevilla ESP"]
[Date "2005.01.11"]
[Round "5.8"]
[White "Paunovic, Dragan"]
[Black "Mellado Triviño, Joan"]
[Result "1/2-1/2"]
[WhiteElo "2518"]
[BlackElo "2405"]
[PlyCount "55"]
[EventDate "2005.01.07"]
[EventType "swiss"]
[EventRounds "9"]
[EventCountry "ESP"]
[Source "lmi"]
[SourceDate "2005.01.13"]

1. d4 d5 2. Nf3 c5 3. e3 Nf6 4. c4 cxd4 5. exd4 Nc6 6. Nc3 Bg4 7. cxd5 Nxd5 8.
Qb3 Bxf3 9. gxf3 e6 10. Qxb7 Nxd4 11. Bb5+ Nxb5 12. Qxb5+ Qd7 13. Qxd7+ Kxd7
14. Nxd5 exd5 15. Be3 Bb4+ 16. Ke2 Rhc8 17. Rac1 a5 18. Kd3 Rxc1 19. Rxc1 Ra6
20. Kd4 Rf6 21. Rg1 Kc6 22. Rxg7 Rxf3 23. Rxh7 Be1 24. Rh8 Bxf2 25. Bxf2 Rxf2
26. Rc8+ Kb7 27. Rc5 Rxb2 28. Rxa5 1/2-1/2